00639nam a22002297a 4500003000500000005001700005008004100022010001000063011001000073035001000083040000900093082002200102110003700124245005000161260005300211300002000264490002900284650001800313650002700331700002200358830002900380CHAP20220329135645.0971013s1965 r 00010 d a40041 a41013 a45139 cCHAP a338.372bE83 1963 aE.U.A. Fish and Wildlife Service aFishery statistics of the United States, 1963 aWashington :bGovernnment Printing Office,c1965 a522 p.b: ilus. aStatistical digestv; 5714aPescaxE.U.A.14aPescaxEstadísticas.0 aLyles, Charles H.0 aStatistical digestv; 57